Gruppi di Sette #2 - Statistics

Statistiche generali
  • Questo quiz è stato fatto 4.427 volte
  • Il punteggio medio è 26 su 56
Statistiche sulle risposte
Group Risposta % Corretto
Colori dell'arcobaleno Blu
99%
Colori dell'arcobaleno Giallo
99%
Colori dell'arcobaleno Rosso
99%
Colori dell'arcobaleno Verde
99%
Colori dell'arcobaleno Violetto
98%
Colori dell'arcobaleno Arancione
96%
Meraviglie del mondo antico Grande {Piramide} di Giza
92%
Re di Roma Romolo
87%
Metalli conosciuti sin dall'antichità Oro
84%
Metalli conosciuti sin dall'antichità Ferro
82%
Metalli conosciuti sin dall'antichità Argento
79%
Metalli conosciuti sin dall'antichità Rame
79%
Supereroi Originali Justice League Batman
71%
Colori dell'arcobaleno Indaco
71%
Supereroi Originali Justice League Superman
71%
Re di Roma Tarquinio il Superbo
71%
Sette Vette Monte Everest
68%
Meraviglie del mondo antico {Colosso} di Rodi
67%
Re di Roma Tarquinio Prisco
65%
Meraviglie del mondo antico Statua di {Zeus} a Olimpia
64%
Re di Roma Anco Marzio
63%
Re di Roma Numa Pompilio
63%
Supereroi Originali Justice League Wonder Woman
59%
Meraviglie del mondo antico {Giardini} {Pensili} di Babilonia
57%
Re di Roma Tullo Ostilio
57%
Supereroi Originali Justice League Flash
54%
Meraviglie del mondo antico {Faro} di Alessandria
51%
Re di Roma Servio Tullio
48%
Supereroi Originali Justice League Lanterna verde
42%
Metalli conosciuti sin dall'antichità Stagno
36%
Supereroi Originali Justice League Aquaman
35%
Meraviglie del mondo antico {Mausoleo} di Alicarnasso
32%
Sette Vette Kilimanjaro
31%
Metalli conosciuti sin dall'antichità Piombo
28%
Meraviglie del mondo antico Tempio di {Artemide} ad Efeso
28%
Personaggi sulle banconote della Lira (2001) Maria Montessori
22%
Metalli conosciuti sin dall'antichità Mercurio
18%
Doni dello Spirito Santo Sapienza
17%
Doni dello Spirito Santo Fortezza
15%
Personaggi sulle banconote della Lira (2001) Alessandro Volta
14%
Personaggi sulle banconote della Lira (2001) Guglielmo Marconi
14%
Doni dello Spirito Santo Timore di Dio
14%
Personaggi sulle banconote della Lira (2001) Caravaggio
13%
Doni dello Spirito Santo Intelletto
13%
Sette Vette Aconcagua
12%
Sette Vette Monte Elbrus
12%
Doni dello Spirito Santo Pietà
12%
Personaggi sulle banconote della Lira (2001) Raffaello
12%
Doni dello Spirito Santo Scienza
11%
Supereroi Originali Justice League Martian Manhunter
10%
Doni dello Spirito Santo Consiglio
9%
Sette Vette Denali
9%
Personaggi sulle banconote della Lira (2001) Gian Lorenzo Bernini
9%
Personaggi sulle banconote della Lira (2001) Vincenzo Bellini
9%
Sette Vette Monte Wilhelm
6%
Sette Vette Vinson Massif
6%
Nessun quiz corrispondente trovato
Distribuzione punteggi
Percentuale di utenti per punteggio
Percentile per numero di risposta
I tuoi punteggi nel tempo
Non hai fatto questo quiz